000
00289nam a22001337a 4500
020
_a
978-184422-607-8
082
_a
823
_b
HIL/S
100
_a
HILL, ERIC
245
_a
SPOT'S CAMPING TRIP
260
_a
ENGLAND
_b
LADY BIRD
300
_a
29
650
_a
ENGLISH SHORT STORY
_z
UK
942
_c
BK
999
_c
2636
_d
2636